000
00299nam a22001337a 4500
008
171017b xxu||||| |||| 00| 0 eng d
020
_a
0393960799
041
_a
eng
080
_a
330.101.542
100
_a
52
101
_a
MIK
245
_a
MICROECONOMIC PROBLEMS
_c
MANSFIELD.E
942
_2
udc
_c
BK
999
_c
34494
_d
34494